|
|
|
|
| LEADER |
00000nam0a2200000 4500 |
| 001 |
249057 |
| 005 |
20231101232437.0 |
| 035 |
|
|
|a (RuTPU)RU\TPU\book\271045
|
| 090 |
|
|
|a 249057
|
| 100 |
|
|
|a 20140130d1967 k y0rusy50 ca
|
| 101 |
0 |
|
|a rus
|
| 102 |
|
|
|a RU
|
| 105 |
|
|
|a a z 001zy
|
| 200 |
1 |
|
|a Вакуумные печи за рубежом
|f Э. И. Орловцева
|g Информстандартэлектро
|
| 210 |
|
|
|a Москва
|d 1967
|
| 215 |
|
|
|a 40 с.
|c ил.
|
| 225 |
1 |
|
|a Электротехническая промышленность за рубежом
|
| 320 |
|
|
|a Библиогр.: с. 40.
|
| 606 |
1 |
|
|a Плавильные печи индукционные
|2 stltpush
|3 (RuTPU)RU\TPU\subj\48870
|9 67689
|
| 606 |
|
|
|a Электроплавильные печи, вакуумные
|2 stltpush
|3 (RuTPU)RU\TPU\subj\20660
|9 45748
|
| 610 |
1 |
|
|a вакуумные печи
|
| 610 |
1 |
|
|a электропечи
|
| 610 |
1 |
|
|a дуговые вакуумные печи
|
| 610 |
1 |
|
|a отжиг
|
| 610 |
1 |
|
|a электроннолучевые печи
|
| 610 |
1 |
|
|a вакуумная плавка
|
| 610 |
1 |
|
|a электронная бомбардировка
|
| 675 |
|
|
|a 621.365
|v 3
|
| 675 |
|
|
|a 621.52
|v 3
|
| 700 |
|
1 |
|a Орловцева
|b Э. И.
|
| 712 |
0 |
2 |
|a Информстандартэлектро
|2 stltpush
|3 (RuTPU)RU\TPU\col\14575
|9 25963
|
| 801 |
|
1 |
|a RU
|b 63413507
|c 20140130
|
| 801 |
|
2 |
|a RU
|b 63413507
|c 20170830
|g RCR
|
| 942 |
|
|
|c BK
|